Curso de derecho de familia: matrimonio, regímenes matrimoniales, uniones de hecho
Saved in:
| Hovedforfatter: | |
|---|---|
| Format: | Bog |
| Sprog: | spansk |
| Udgivet: |
Santiago
Legal Publishing
2009
|
| Udgivelse: | 2a. ed |
| Fag: | |
| Tags: |
Tilføj Tag
Ingen Tags, Vær først til at tagge denne postø!
|
MARC
| LEADER | 00000cam a2200000 a 4500 | ||
|---|---|---|---|
| 001 | UCG9083 | ||
| 003 | CL-VaPUC | ||
| 008 | 120120e20090900CL |||||||||||||||||spa|d | ||
| 020 | |a 9789562388153 | ||
| 082 | 0 | 4 | |a 346.83015 |b COU |2 21 |
| 100 | 0 | |a Court Murasso, Eduardo |e author |9 560480 | |
| 245 | 1 | 0 | |a Curso de derecho de familia: matrimonio, regímenes matrimoniales, uniones de hecho |
| 250 | |a 2a. ed | ||
| 300 | |a 235 p | ||
| 942 | |c BK | ||
| 945 | |d 20120120 00:00:00 |a dcastane | ||
| 260 | |a Santiago |b Legal Publishing |c 2009 | ||
| 650 | 0 | |a Derecho de familia |9 255603 | |
| 650 | 7 | |a RELACIONES FAMILIARES |2 CL-VaPUC |9 333100 | |
| 650 | 0 | |a Derecho privado |9 258243 | |
| 650 | 7 | |a MATRIMONIO |2 CL-VaPUC |9 560481 | |
| 583 | |a last modification |c 20120120 10:38:00 |k Rodrigo Vera | ||
| 999 | |c 346657 |d 346655 | ||
| 952 | |0 0 |1 0 |4 0 |6 346_830150000000000_COU_2009 |7 0 |8 A |9 447457 |a BIBDER |b BIBDER |d 2019-11-22 |i 4816358 |l 4 |o 346.83015 COU 2009 |p 4816358 |r 2024-07-31 |s 2024-07-31 |w 2019-11-22 |y BK |k DER | ||